| 000 | 00475nam a22001937a 4500 | ||
|---|---|---|---|
| 003 | OSt | ||
| 005 | 20180116183047.0 | ||
| 008 | 160721b xxu||||| |||| 00| 0 eng d | ||
| 020 | _a9780273736417 | ||
| 040 | _c0 | ||
| 082 | _a658.406 CAR 2014 | ||
| 100 | _aCarnall | ||
| 245 |
_aManaging Change in Organizations _cCarnall |
||
| 250 | _a6th | ||
| 260 |
_aUK _bPearson _c2014 |
||
| 300 |
_a364 p. _bPB |
||
| 440 | _aManaging Change in Organizations | ||
| 942 |
_2ddc _cBK |
||
| 999 |
_c351456 _d351456 |
||